| 000 | 01895cam a2200289 i 4500 | ||
|---|---|---|---|
| 003 | DO-SdBNP | ||
| 005 | 20240625111756.0 | ||
| 007 | ta | ||
| 008 | 240625s1995 sp 000 f spa d | ||
| 020 | _a8420481505 | ||
| 040 |
_aDO-SdBNP _cspa _dBNPHU _erda |
||
| 082 |
_bV335 _222 |
||
| 100 | 1 |
_aVásquez Díaz, René _d1952- _eautor _985794 |
|
| 245 | 1 | 3 |
_aLa isla del Cundeamor / _cRené Vásquez Díaz |
| 250 | _a3a. edición | ||
| 264 | 1 |
_aMadrid, España : _bSantillana, _bAlfaguara, _c1995. |
|
| 300 |
_a311 páginas _c22 cm. |
||
| 336 |
_2rdacontent _atexto _btxt |
||
| 337 |
_2rdamedia _asin mediación _bn |
||
| 338 |
_2rdacarrier _avolumen _bnc |
||
| 490 | 1 | _aVintage español | |
| 500 | _aIncluye datos biografícos del autor en la solapa de la portada. | ||
| 520 | _a«Cuba es la siempre fiel porción de tierra claustrofóbica rodeada de agua por todas partes, que uno se lleva en las tripas, cuando la abandona, para reinventarla. Cuba es empalagosa y femenina hasta en sus pliegues más rugosos, pero funciona a base de un machismo intragable, pesadísimo, ibérico y africano; todas mis tías usaban siempre esta expresión: “lo hago porque me sale de los cojones”. Y uno se pregunta por qué Cuba tiene que ser una obsesión. Una respuesta sería que Cuba es como una gritería del corazón, un barullo con un silencio muy peligroso dentro, “la isla que se repite”, una hembra negriblanca dizque dormida, bajo un mosquitero remendado por los cocuyos. Y es Fidel Castro, aunque uno esté en contra o quizá por eso mismo, y Miami es el sueño americano pero soñado por la otra orilla de nuestra Era Imaginaria. Por eso este libro es tal vez como tenía que ser: sencillamente una isla más, extraviada bajo el viento y arropada por los cundeamores de nuestros nobles descalabros.» | ||
| 590 | _aInventariado, 2024/ YL | ||
| 910 | _aYLockward | ||
| 942 |
_2ddc _cLBS1 |
||
| 999 |
_c56970 _d56970 |
||